[Event "Tournament 14471 - Europe Echecs"]
[Site "Europe Echecs"]
[Date "2020.07.09"]
[Round "8"]
[Time "17:51:49"]
[PlyCount "99"]
[White "BernadetDaniel"]
[Black "ZaninClement"]
[WhiteElo "1003"]
[BlackElo "1327"]
[Mode "WEB"]
[Result "0-1"]

1. d4 d5 2. c4 e6 3. Nc3 Nf6 4. Bg5 Nbd7 5. a3 c6 6. Nf3 Qa5 7. e3 Ne4 8. b4 Qc7
9. Nxe4 dxe4 10. Nd2 f6 11. Bf4 e5 12. dxe5 fxe5 13. Bg5 Nf6 14. Bxf6 gxf6 15.
Nxe4 Bg7 16. Be2 Bf5 17. Ng3 Bg6 18. O-O O-O 19. c5 f5 20. Bc4+ Kh8 21. Re1 Rad8
22. Qb3 f4 23. exf4 exf4 24. Rad1 fxg3 25. fxg3 Rxd1 26. Qxd1 b5 27. Bb3 Rd8 28.
Qf3 Bd4+ 29. Kh1 Bg7 30. Qe3 Bd4 31. Qe7 Re8 32. Qxe8+ Bxe8 33. Rxe8+ Kg7 34.
Rg8+ Kh6 35. Rg4 Qe7 36. Rh4+ Kg5 37. Rg4+ Kxg4 38. Bd1+ Kg5 39. h4+ Kh6 40. Kh2
Bg1+ 41. Kh3 Qe6+ 42. Bg4 Qe3 43. Bf3 Qxa3 44. Kg4 Bf2 45. Kh3 Qxb4 46. Be2 Qe4
47. Bf3 Qe5 48. Kh2 Qxg3+ 49. Kh1 Qxh4# {BernadetDaniel est échec et mat} 0-1

[Event "Tournament 14471 - Europe Echecs"]
[Site "Europe Echecs"]
[Date "2020.07.09"]
[Round "8"]
[Time "17:51:49"]
[PlyCount "73"]
[White "BrunEmilie"]
[Black "DubachNicolas"]
[WhiteElo "1320"]
[BlackElo "999"]
[Mode "WEB"]
[Result "1-0"]

1. Nf3 d5 2. c4 dxc4 3. e3 Be6 4. Nc3 Nd7 5. Nd4 Nb6 6. Nxe6 fxe6 7. Be2 Nf6 8.
O-O g6 9. Na4 Nfd7 10. Nxb6 Nxb6 11. Qc2 Qd5 12. e4 Qc6 13. Bg4 O-O-O 14. a4 h5
15. Be2 Bg7 16. a5 Nd7 17. Qxc4 Qxc4 18. Bxc4 e5 19. b4 Nf6 20. f3 Bh6 21. Ra2
Rd4 22. d3 Bxc1 23. Rxc1 Rhd8 24. Rd2 Rxc4 25. Rxc4 g5 26. d4 exd4 27. Rcxd4
Rxd4 28. Rxd4 g4 29. e5 Nd7 30. fxg4 hxg4 31. Rxg4 Nxe5 32. Re4 Nc6 33. h4 Kd7
34. h5 Ke8 35. h6 Kf8 36. Rg4 Ne5 {DubachNicolas a abandonné} 1-0

[Event "Tournament 14471 - Europe Echecs"]
[Site "Europe Echecs"]
[Date "2020.07.09"]
[Round "8"]
[Time "17:51:49"]
[PlyCount "46"]
[White "BarbierPestour"]
[Black "EboueYuri"]
[WhiteElo "999"]
[BlackElo "1304"]
[Mode "WEB"]
[Result "0-1"]

1. e4 c6 2. d4 d5 3. e5 Bf5 4. Nf3 e6 5. Bd3 Bg6 6. Bxg6 hxg6 7. O-O Nh6 8. Bg5
Be7 9. Bxe7 Qxe7 10. h3 Nd7 11. Qd3 g5 12. Ne1 g4 13. hxg4 Nxg4 14. Qg3 Qg5 15.
f3 Qe3+ 16. Qf2 Nxf2 17. Rxf2 Qxe1+ 18. Rf1 Qe3+ 19. Rf2 Qc1+ 20. Rf1 Qxb2 21.
Nd2 Qxd4+ 22. Rf2 Qxa1+ 23. Rf1 {BarbierPestour a abandonné} 0-1

[Event "Tournament 14471 - Europe Echecs"]
[Site "Europe Echecs"]
[Date "2020.07.09"]
[Round "8"]
[Time "17:51:49"]
[PlyCount "73"]
[White "VerdierSolene"]
[Black "FaidoliYannis"]
[WhiteElo "1150"]
[BlackElo "1333"]
[Mode "WEB"]
[Result "0-1"]

1. e4 c5 2. Bc4 Nc6 3. Nf3 e6 4. d3 d5 5. exd5 exd5 6. Bb3 b5 7. a3 Bg4 8. O-O
Be7 9. Nc3 d4 10. Nxb5 Rb8 11. Bc4 a6 12. Nbxd4 Nxd4 13. Bxa6 Bxf3 14. gxf3 Nf6
15. Re1 O-O 16. Bf4 Rxb2 17. c3 Nc2 18. Re2 Nxa1 19. Rxb2 Qa5 20. Bc4 Qxa3 21.
Qc1 Ra8 22. Kg2 Bf8 23. Be5 Nd7 24. Bf4 Ra7 25. Qb1 Qxc3 26. Ra2 Rxa2 27. Qxa2
Nc2 28. Qa8 Qf6 29. Kg3 Nb6 30. Qb8 Nxc4 31. dxc4 Nd4 32. Bc7 Qg5+ 33. Kh3 Qh5+
34. Kg3 Qxf3+ 35. Kh4 Nf5+ 36. Kg5 h6# {VerdierSolene est échec et mat} 0-1

[Event "Tournament 14471 - Europe Echecs"]
[Site "Europe Echecs"]
[Date "2020.07.09"]
[Round "8"]
[Time "17:51:49"]
[PlyCount "37"]
[White "DygasArthur"]
[Black "GheorghinFelix"]
[WhiteElo "1143"]
[BlackElo "1310"]
[Mode "WEB"]
[Result "0-1"]

1. c4 e5 2. Nc3 Nc6 3. g3 d6 4. Bg2 Nf6 5. e3 g6 6. Nge2 Bg7 7. O-O Be6 8. b3
Qd7 9. Bb2 Bh3 10. d4 exd4 11. exd4 Bxg2 12. Kxg2 h5 13. d5 Ne5 14. Re1 O-O-O
15. Nd4 h4 16. Qd2 hxg3 17. hxg3 Qh3+ 18. Kg1 Qh1# {DygasArthur est échec et mat} 0-1

[Event "Tournament 14471 - Europe Echecs"]
[Site "Europe Echecs"]
[Date "2020.07.09"]
[Round "8"]
[Time "17:51:49"]
[PlyCount "58"]
[White "NavilleLea"]
[Black "DebiasSaidAdri"]
[WhiteElo "1288"]
[BlackElo "1125"]
[Mode "WEB"]
[Result "1-0"]

1. d4 d5 2. Bf4 c6 3. e3 Bf5 4. c4 Nf6 5. Nf3 Qb6 6. Qb3 Nbd7 7. c5 Qxb3 8. axb3
Bxb1 9. Rxb1 Ne4 10. Ra1 e6 11. b4 Be7 12. b5 O-O 13. bxc6 bxc6 14. Ba6 Rfb8 15.
Bxb8 Rxb8 16. Ra2 Nc3 17. Ra3 Rxb2 18. O-O Ne2+ 19. Bxe2 Rxe2 20. Rxa7 Nf6 21.
Rxe7 Kf8 22. Rc7 Ne4 23. Rxc6 Ke7 24. Rc7+ Ke8 25. c6 Nd6 26. Rb1 Kf8 27. Rb8+
Ne8 28. Rcc8 Rc2 29. Rxe8# {DebiasSaidAdri est échec et mat} 1-0

[Event "Tournament 14471 - Europe Echecs"]
[Site "Europe Echecs"]
[Date "2020.07.09"]
[Round "8"]
[Time "17:51:49"]
[PlyCount "72"]
[White "CoindreauElsa"]
[Black "BocheMathis"]
[WhiteElo "1248"]
[BlackElo "1099"]
[Mode "WEB"]
[Result "1-0"]

1. e4 e6 2. d4 d5 3. Nc3 Nf6 4. Bg5 Be7 5. e5 Nfd7 6. h4 h6 7. Bd2 c5 8. Nf3 Nc6
9. Be3 Qb6 10. Nb5 a6 11. Nd6+ Bxd6 12. exd6 cxd4 13. Nxd4 Qxb2 14. Be2 Qc3+ 15.
Kf1 Nxd4 16. Bxd4 Qc6 17. Bxg7 Rh7 18. Bb2 Qxd6 19. Bd3 f5 20. Qh5+ Kd8 21. g4
Nc5 22. gxf5 Nxd3 23. cxd3 exf5 24. Rg1 Ke7 25. Rg6 Qh2 26. Bf6+ Kf8 27. Rxh6
Rxh6 28. Qxh6+ Ke8 29. Qg6+ Kd7 30. Qf7+ Kd6 31. Qe7+ Kc6 32. Rc1+ Kb5 33. Qc5+
Ka4 34. Qxd5 f4 35. Qb3+ Ka5 36. Bc3# {BocheMathis est échec et mat} 1-0

[Event "Tournament 14471 - Europe Echecs"]
[Site "Europe Echecs"]
[Date "2020.07.09"]
[Round "8"]
[Time "17:51:49"]
[PlyCount "48"]
[White "AlunniBagarell"]
[Black "VerdeauxAntoin"]
[WhiteElo "1214"]
[BlackElo "960"]
[Mode "WEB"]
[Result "1-0"]

1. e4 e5 2. Nf3 Nc6 3. d4 exd4 4. Nxd4 Nxd4 5. Qxd4 Nf6 6. e5 Nh5 7. Be2 g6 8.
Bxh5 gxh5 9. O-O d6 10. exd6 Qxd6 11. Qxh8 Qg6 12. Re1+ Kd7 13. Qxf8 Qa6 14.
Qe7+ Kc6 15. Qxf7 Qa5 16. Nc3 Qg5 17. Bxg5 Bd7 18. Qd5+ Kb6 19. Na4+ Ka6 20. Qc5
b6 21. Qxc7 Ka5 22. Qxd7 b5 23. Re5 Kxa4 24. Qxb5# {VerdeauxAntoin est échec et mat} 1-0

[Event "Tournament 14471 - Europe Echecs"]
[Site "Europe Echecs"]
[Date "2020.07.09"]
[Round "8"]
[Time "17:51:49"]
[PlyCount "66"]
[White "TrogerEmma"]
[Black "DibyJulien"]
[WhiteElo "1122"]
[BlackElo "1205"]
[Mode "WEB"]
[Result "1-0"]

1. d4 d5 2. Bf4 Bf5 3. e3 e6 4. c4 c6 5. Nc3 Nd7 6. Bd3 Bxd3 7. Qxd3 dxc4 8.
Qxc4 Ne7 9. Nf3 b5 10. Qd3 Ng6 11. O-O Qb6 12. Rac1 a6 13. Qe4 Bb4 14. Ne5 Ndxe5
15. Bxe5 Kf8 16. a3 Bxc3 17. Rxc3 Ke7 18. Rxc6 Qa5 19. Bxg7 Rhc8 20. Rxc8 Rxc8
21. b4 Qxa3 22. Qb7+ Kd8 23. Bf6+ Ne7 24. Bxe7+ Ke8 25. Qxc8+ Kxe7 26. h3 Qxb4
27. Rc1 Kf6 28. Qd8+ Kg6 29. Qh4 Qd2 30. Rc8 Qe1+ 31. Kh2 h5 32. Rg8+ Kf5 33.
Qf4# {DibyJulien est échec et mat} 1-0

[Event "Tournament 14471 - Europe Echecs"]
[Site "Europe Echecs"]
[Date "2020.07.09"]
[Round "8"]
[Time "17:51:49"]
[PlyCount "102"]
[White "LemoalImran"]
[Black "BarbasStojicev"]
[WhiteElo "1047"]
[BlackElo "1150"]
[Mode "WEB"]
[Result "1-0"]

1. e4 e5 2. Nf3 Nc6 3. Bc4 Nf6 4. d3 Bc5 5. Nc3 d6 6. Bg5 Be6 7. Bxe6 fxe6 8. a3
h6 9. Bh4 g5 10. Bg3 d5 11. exd5 exd5 12. Nxe5 Nxe5 13. Bxe5 d4 14. Bxf6 Qxf6
15. Qe2+ Be7 16. Nd5 Qf7 17. Nxc7+ Kd7 18. Nxa8 Rxa8 19. Qg4+ Kc7 20. Qxd4 Rd8
21. Qc4+ Kb8 22. Qxf7 Bf6 23. Qxf6 Re8+ 24. Kf1 a6 25. Qd6+ Ka7 26. Qxh6 g4 27.
Qe3+ Kb8 28. Qxe8+ Ka7 29. h3 gxh3 30. Rxh3 Kb6 31. Rh6+ Ka7 32. Rxa6+ bxa6 33.
Re1 Kb7 34. Qg6 Kc7 35. Re7+ Kd8 36. Qg8+ Kxe7 37. Qc8 Kd6 38. Qxa6+ Ke5 39. Qc6
Kd4 40. b4 Ke5 41. b5 Kd4 42. b6 Ke5 43. b7 Kf4 44. b8=Q+ Kg4 45. Qe6+ Kg5 46.
Qf8 Kh4 47. Qe4+ Kg5 48. Qff5+ Kh6 49. Qee6+ Kg7 50. Qff7+ Kh8 51. Qee8# {BarbasStojicev est échec et mat} 1-0

[Event "Tournament 14471 - Europe Echecs"]
[Site "Europe Echecs"]
[Date "2020.07.09"]
[Round "8"]
[Time "17:51:49"]
[PlyCount "86"]
[White "OuaichaHadyan"]
[Black "MoreauDecource"]
[WhiteElo "1083"]
[BlackElo "1330"]
[Mode "WEB"]
[Result "1-0"]

1. e4 e5 2. Nf3 Nc6 3. d4 Nf6 4. dxe5 Nxe4 5. Nc3 Nxc3 6. bxc3 Bc5 7. Bc4 O-O 8.
Bf4 d6 9. O-O dxe5 10. Nxe5 Qf6 11. Ng4 Bxg4 12. Qxg4 Rae8 13. Rfe1 Rxe1+ 14.
Rxe1 Qxc3 15. Qe2 h6 16. Bd5 Nd4 17. Qd2 Qb2 18. c3 Qxd2 19. Bxd2 Nc2 20. Re5 c6
21. Bb3 Bd6 22. Re4 Na1 23. Bc4 b5 24. Bd3 a5 25. Re1 c5 26. Rxa1 c4 27. Bc2 Be5
28. a3 b4 29. axb4 axb4 30. Ra5 Bc7 31. Rc5 Bb6 32. Rxc4 bxc3 33. Bxc3 Rd8 34.
h3 Bc7 35. Rxc7 Re8 36. Bb4 Rb8 37. Bd6 g6 38. Rd7 Rb2 39. Rc7 h5 40. h4 Rb6 41.
Rc8+ Kg7 42. Be5+ Kh7 43. Rh8# {MoreauDecource est échec et mat} 1-0

[Event "Tournament 14471 - Europe Echecs"]
[Site "Europe Echecs"]
[Date "2020.07.09"]
[Round "8"]
[Time "17:51:49"]
[PlyCount "131"]
[White "BoyerJohnLucas"]
[Black "GilliotCorenti"]
[WhiteElo "1266"]
[BlackElo "1051"]
[Mode "WEB"]
[Result "0-1"]

1. d4 f5 2. Bf4 Nf6 3. Nf3 g6 4. e3 Bg7 5. Bc4 d5 6. Bd3 e6 7. c3 O-O 8. O-O a6
9. Nbd2 b5 10. Be5 Nbd7 11. a3 Nxe5 12. Nxe5 Nd7 13. Nc6 Qe8 14. Nf3 Bb7 15.
Nce5 Nxe5 16. dxe5 c5 17. b4 c4 18. Bc2 Qb8 19. Qd4 Qa7 20. Qf4 Qb8 21. Ng5 Bxe5
22. Qh4 h5 23. Nf3 Bf6 24. Qf4 Qxf4 25. exf4 Bxc3 26. Rab1 Bf6 27. Rfe1 Rfe8 28.
g3 d4 29. Bd1 Bxf3 30. Bxf3 Rad8 31. Bc6 Re7 32. h3 e5 33. fxe5 Bxe5 34. f4 Bf6
35. Rxe7 Bxe7 36. Rd1 d3 37. Kf2 c3 38. Bf3 c2 39. Rc1 d2 40. Rxc2 d1=Q 41. Bxd1
Rxd1 42. Kf3 Kf7 43. g4 hxg4+ 44. hxg4 Rd3+ 45. Kg2 fxg4 46. Rc6 Rxa3 47. Rc2
Ke6 48. Re2+ Kf6 49. Kf1 Bxb4 50. Rf2 Ra1+ 51. Kg2 Rg1+ 52. Kxg1 Bc5 53. Kg2
Bxf2 54. Kxf2 Kf5 55. Kg3 b4 56. Kf2 b3 57. Kg3 b2 58. Kh4 b1=Q 59. Kg3 Qf1 60.
Kh2 Qh3+ 61. Kg1 Ke4 62. Kf2 Qf3+ 63. Kg1 g3 64. f5 Qf2+ 65. Kh1 Qh2# {BoyerJohnLucas est échec et mat} 0-1

[Event "Tournament 14471 - Europe Echecs"]
[Site "Europe Echecs"]
[Date "2020.07.09"]
[Round "8"]
[Time "17:51:49"]
[PlyCount "45"]
[White "SansoneAlessio"]
[Black "PousVictor"]
[WhiteElo "1075"]
[BlackElo "1167"]
[Mode "WEB"]
[Result "0-1"]

1. c4 e5 2. Nc3 Nf6 3. d3 Nc6 4. g3 d5 5. cxd5 Nxd5 6. Bg2 Be6 7. Nf3 Bb4 8. Bd2
O-O 9. a3 Bc5 10. O-O Bg4 11. Nxe5 Nxe5 12. Bxd5 Bd4 13. Qc2 Bxc3 14. bxc3 Qxd5
15. Bf4 Bh3 16. e4 Nf3+ 17. Kh1 Qh5 18. Rfc1 Bf5 19. h4 Bh3 20. Bxc7 Ne1 21.
Rxe1 Qf3+ 22. Kh2 Qg2# {SansoneAlessio est échec et mat} 0-1

[Event "Tournament 14471 - Europe Echecs"]
[Site "Europe Echecs"]
[Date "2020.07.09"]
[Round "8"]
[Time "17:51:49"]
[PlyCount "75"]
[White "BennounaGreene"]
[Black "CarobbioMaxime"]
[WhiteElo "1156"]
[BlackElo "1080"]
[Mode "WEB"]
[Result "0-1"]

1. d4 e5 2. dxe5 Nc6 3. Nf3 Qe7 4. Qd5 Nb4 5. Qb3 Qc5 6. Nc3 Nh6 7. Be3 Qe7 8.
Bxh6 gxh6 9. e3 d6 10. exd6 Qxd6 11. Bc4 Be6 12. Nb5 Qd7 13. Bxe6 fxe6 14. Nbd4
Bg7 15. a3 Nd5 16. c4 Nb6 17. Rd1 O-O-O 18. O-O Bxd4 19. Rxd4 Qg7 20. Rfd1 Nd7
21. h3 Rhg8 22. Rg4 Qf7 23. Rxg8 Qxg8 24. Qa4 Nc5 25. Qxa7 Rxd1+ 26. Kh2 Qd8 27.
Qxc5 b6 28. Qe5 Qd7 29. Qh8+ Kb7 30. Qe5 Rc1 31. Qe4+ c6 32. Ne5 Qd6 33. Qxh7+
Ka6 34. Qe4 h5 35. f4 h4 36. Qh7 Qd1 37. Qd3 Qh1# {BennounaGreene est échec et mat} 0-1

[Event "Tournament 14471 - Europe Echecs"]
[Site "Europe Echecs"]
[Date "2020.07.09"]
[Round "8"]
[Time "17:51:49"]
[PlyCount "72"]
[White "DuplanManuel"]
[Black "SherpaHaarSchm"]
[WhiteElo "1020"]
[BlackElo "1150"]
[Mode "WEB"]
[Result "1-0"]

1. e4 e5 2. f4 Nc6 3. Nf3 exf4 4. d4 d5 5. e5 Bg4 6. Bxf4 f6 7. Nc3 Bxf3 8. Qxf3
Nxd4 9. Qd3 Bc5 10. Be3 Ne6 11. exf6 Nxf6 12. O-O-O Bxe3+ 13. Qxe3 Qd6 14. Bc4
Qf4 15. Qxf4 Nxf4 16. Rhe1+ Kf7 17. Nxd5 N4xd5 18. Bxd5+ Nxd5 19. Rxd5 Rhe8 20.
Rd7+ Kg6 21. Rf1 Re2 22. c3 Rxg2 23. Rff7 Rxh2 24. Rxg7+ Kf6 25. Rgf7+ Ke6 26.
Rfe7+ Kf6 27. Rxc7 h5 28. Rxb7 h4 29. Rh7 h3 30. Rh6+ Kg5 31. Re6 Kg4 32. Rf6
Rh1+ 33. Kc2 h2 34. Rh7 Kg3 35. Rg7+ Kh3 36. Rh6# {SherpaHaarSchm est échec et mat} 1-0

[Event "Tournament 14471 - Europe Echecs"]
[Site "Europe Echecs"]
[Date "2020.07.09"]
[Round "8"]
[Time "17:51:49"]
[PlyCount "52"]
[White "FoleyDaniel"]
[Black "DromardLila"]
[WhiteElo "1140"]
[BlackElo "1040"]
[Mode "WEB"]
[Result "1-0"]

1. e4 e5 2. Nf3 Nc6 3. Bc4 Nf6 4. c3 Bc5 5. d4 exd4 6. cxd4 Bxd4 7. Nxd4 Nxd4 8.
Qxd4 Qe7 9. O-O Nxe4 10. Re1 c5 11. Qxe4 Qxe4 12. Rxe4+ Kd8 13. Bg5+ Kc7 14. Nc3
Kc6 15. Rae1 d5 16. Bxd5+ Kb6 17. Bxf7 Bf5 18. Re5 Bc2 19. Nd5+ Kc6 20. Rc1 Bd3
21. Nb4+ Kb5 22. Nxd3 Rhd8 23. Rcxc5+ Kb6 24. Bxd8+ Rxd8 25. Re6+ Rd6 26. Rxd6# {DromardLila est échec et mat} 1-0

[Event "Tournament 14471 - Europe Echecs"]
[Site "Europe Echecs"]
[Date "2020.07.09"]
[Round "8"]
[Time "17:51:49"]
[PlyCount "52"]
[White "TsirulnikovAlic"]
[Black "MoussaNicolas"]
[WhiteElo "1010"]
[BlackElo "1102"]
[Mode "WEB"]
[Result "1-0"]

1. e4 e5 2. Nf3 Nc6 3. Bc4 Nf6 4. d3 Bc5 5. Be3 Bb6 6. O-O d5 7. exd5 Nxd5 8.
Bxd5 Qxd5 9. c4 Qa5 10. Nc3 O-O 11. a3 Bxe3 12. fxe3 Qc5 13. b4 Qxe3+ 14. Kh1
Rd8 15. Nd5 Qh6 16. b5 Nd4 17. Nxe5 c6 18. Ne7+ Kf8 19. Rxf7+ Ke8 20. Qf1 Qe6
21. bxc6 bxc6 22. Rf8+ Kxe7 23. Rxd8 Kxd8 24. Qf8+ Qe8 25. Nf7+ Kd7 26. Qd6# {MoussaNicolas est échec et mat} 1-0

[Event "Tournament 14471 - Europe Echecs"]
[Site "Europe Echecs"]
[Date "2020.07.09"]
[Round "8"]
[Time "17:51:49"]
[PlyCount "67"]
[White "BourgineQuenti"]
[Black "RoubaudLouisAl"]
[WhiteElo "999"]
[BlackElo "1101"]
[Mode "WEB"]
[Result "0-1"]

1. e4 e6 2. Nf3 d5 3. Nc3 c5 4. Bb5+ Nc6 5. O-O Bd7 6. d3 Bd6 7. Bg5 Nf6 8. h3
O-O 9. Qd2 h6 10. Bh4 Nd4 11. Nxd4 cxd4 12. Bxd7 Qxd7 13. Ne2 dxe4 14. Nxd4 Bh2+
15. Kxh2 Qxd4 16. Rad1 exd3 17. Qxd3 Qxh4 18. g3 Qe4 19. Qxe4 Nxe4 20. Rd4 f5
21. Rb4 Nd2 22. Re1 Nf3+ 23. Kg2 Nxe1+ 24. Kf1 Nxc2 25. Rxb7 Rfb8 26. Re7 Nd4
27. h4 Rc8 28. f4 Rc2 29. Rd7 Nf3 30. Rb7 Rh2 31. a4 Rc8 32. Rd7 Rc1+ 33. Rd1
Rxd1# {BourgineQuenti est échec et mat} 0-1

[Event "Tournament 14471 - Europe Echecs"]
[Site "Europe Echecs"]
[Date "2020.07.09"]
[Round "8"]
[Time "17:51:49"]
[PlyCount "92"]
[White "MilaGabriel"]
[Black "GandrilleLubin"]
[WhiteElo "1096"]
[BlackElo "1024"]
[Mode "WEB"]
[Result "1-0"]

1. e4 e5 2. Nf3 Nc6 3. d4 exd4 4. Bc4 Nf6 5. e5 Ne4 6. O-O Bc5 7. Re1 d5 8. exd6
Qxd6 9. Rxe4+ Ne7 10. Qe2 O-O 11. Bg5 Bf5 12. Rxe7 h6 13. Nh4 hxg5 14. Nxf5 Qf6
15. Re5 b6 16. Ne7+ Kh8 17. Qh5+ Qh6 18. Qxh6+ gxh6 19. Nf5 Rae8 20. Rxe8 Rxe8
21. Nxh6 Re1+ 22. Bf1 Rd1 23. Nxf7+ Kg7 24. Ne5 Kf6 25. Nd3 Bd6 26. g3 c5 27.
Kg2 c4 28. Be2 cxd3 29. Bxd1 dxc2 30. Bxc2 Bc5 31. Nd2 Ke5 32. Re1+ Kf6 33. Ne4+
Kf5 34. Nxc5+ Kf6 35. Ne4+ Kf5 36. Kf3 g4+ 37. Kg2 a6 38. f3 gxf3+ 39. Kxf3 b5
40. g4+ Kg6 41. h4 a5 42. Ng3+ Kh6 43. Re6+ Kg7 44. h5 a4 45. h6+ Kh8 46. Re8# {GandrilleLubin est échec et mat} 1-0

[Event "Tournament 14471 - Europe Echecs"]
[Site "Europe Echecs"]
[Date "2020.07.09"]
[Round "8"]
[Time "17:51:49"]
[PlyCount "156"]
[White "MolinesMartin"]
[Black "AlexGeerjananN"]
[WhiteElo "1033"]
[BlackElo "1370"]
[Mode "WEB"]
[Result "1-0"]

1. e4 e5 2. Nf3 Nc6 3. Bc4 Bc5 4. d3 Nf6 5. Bg5 d6 6. Bxf6 Qxf6 7. Nc3 Qd8 8. h3
O-O 9. O-O Nd4 10. Nxd4 exd4 11. Nd5 c6 12. Nf4 b5 13. Bb3 a5 14. a3 b4 15. axb4
Bxb4 16. Ne2 Re8 17. c3 dxc3 18. bxc3 Bc5 19. d4 Bb6 20. Ng3 a4 21. Bc4 d5 22.
exd5 cxd5 23. Bb5 Bd7 24. Bxd7 Qxd7 25. Qb1 Qc6 26. Qb4 Ba5 27. Qxa4 Qxa4 28.
Rxa4 Bxc3 29. Rxa8 Rxa8 30. Ne2 Bb4 31. Rb1 Bd6 32. Nc3 Ra5 33. Re1 Bb4 34. Rc1
Ra3 35. Ne2 Bd2 36. Rd1 Bb4 37. Nf4 Ra5 38. Rb1 Bd6 39. Nd3 Bc7 40. Rc1 Ra3 41.
Nb4 Ra5 42. Rxc7 Ra1+ 43. Kh2 g5 44. Nxd5 Kg7 45. Ne3 h5 46. Rc5 f6 47. Nf5+ Kg6
48. Ne7+ Kf7 49. Nc8 Kg6 50. d5 Rd1 51. d6 Kf7 52. Rf5 Ke6 53. Rf3 Rc1 54. Nb6
g4 55. hxg4 hxg4 56. Rf4 f5 57. f3 gxf3 58. gxf3 Kxd6 59. Rxf5 Rc6 60. Rf6+ Kc5
61. Rxc6+ Kxc6 62. Na4 Kd6 63. Kg3 Ke5 64. Kg4 Kf6 65. Kf4 Kg6 66. Ke5 Kg5 67.
f4+ Kg6 68. f5+ Kf7 69. f6 Ke8 70. Ke6 Kf8 71. Nc5 Ke8 72. Nd7 Kd8 73. f7 Kc7
74. f8=Q Kb7 75. Qc5 Ka8 76. Qb5 Ka7 77. Qb6+ Ka8 78. Qb8# {AlexGeerjananN est échec et mat} 1-0

[Event "Tournament 14471 - Europe Echecs"]
[Site "Europe Echecs"]
[Date "2020.07.09"]
[Round "8"]
[Time "17:51:49"]
[PlyCount "129"]
[White "CaillensValent"]
[Black "LoszycerSasha"]
[WhiteElo "999"]
[BlackElo "1162"]
[Mode "WEB"]
[Result "0-1"]

1. d4 d6 2. Bf4 g6 3. Nf3 Bg7 4. e3 Nc6 5. Bb5 Bd7 6. Bxc6 Bxc6 7. Nc3 Nf6 8.
O-O O-O 9. Qd2 Bd7 10. e4 Nh5 11. Bg3 Nxg3 12. hxg3 e5 13. d5 c6 14. Rab1 cxd5
15. Nxd5 f5 16. Rfe1 fxe4 17. Rxe4 Bc6 18. c4 a6 19. b3 b5 20. g4 bxc4 21. bxc4
Rb8 22. Rxb8 Qxb8 23. Ne7+ Kh8 24. Nxc6 Qb1+ 25. Re1 Qb6 26. Ne7 Qb7 27. Nd5 Qa7
28. Ng5 Bh6 29. Nf7+ Rxf7 30. Qxh6 Qxf2+ 31. Kh2 Qxe1 32. Ne7 Qe4 33. a4 Qxg4
34. Nc8 Qh5+ 35. Qxh5 gxh5 36. Nxd6 Rf4 37. c5 Rxa4 38. c6 Rc4 39. g4 Rxc6 40.
Nf7+ Kg7 41. Nxe5 Rc2+ 42. Kh3 hxg4+ 43. Kxg4 a5 44. Nd3 a4 45. Nb4 Rc3 46. Kf4
a3 47. Ke4 Rb3 48. Nc2 a2 49. Kd4 Rb2 50. Kc3 Rxc2+ 51. Kxc2 a1=Q 52. Kd3 Qf1+
53. Kd4 h5 54. Ke3 h4 55. Ke4 h3 56. Ke3 h2 57. Kd4 h1=Q 58. Ke3 Qfg2 59. Kf4
Qhf1+ 60. Ke5 Qge2+ 61. Kd4 Qfd1+ 62. Kc3 Qec2+ 63. Kb4 Qdb1+ 64. Ka3 Qca2# {CaillensValent est échec et mat} 0-1

[Event "Tournament 14471 - Europe Echecs"]
[Site "Europe Echecs"]
[Date "2020.07.09"]
[Round "8"]
[Time "17:51:49"]
[PlyCount "79"]
[White "CogneauMaude"]
[Black "PechGuillaume"]
[WhiteElo "1180"]
[BlackElo "1012"]
[Mode "WEB"]
[Result "0-1"]

1. e4 c6 2. Nc3 d5 3. d3 dxe4 4. dxe4 e5 5. Qxd8+ Kxd8 6. Nf3 f6 7. Bc4 Bg4 8.
h3 Bxf3 9. gxf3 Bb4 10. Bd2 Ne7 11. O-O-O Ng6 12. Bh6+ Nd7 13. Bxg7 Re8 14. a3
Bxc3 15. bxc3 Ke7 16. Rd2 Nc5 17. Rhd1 Rg8 18. Bh6 Rge8 19. h4 Nxh4 20. Re2 Nxf3
21. a4 Nxa4 22. Re3 Nh2 23. Rh3 Ng4 24. Rg1 Nxf2 25. Rg7+ Kd6 26. Rxb7 Nxh3 27.
Rxh7 Nxc3 28. Bf7 Re7 29. Kd2 Nxe4+ 30. Ke3 Nhg5 31. Bxg5 Nxg5 32. Rg7 Nxf7 33.
Ke4 Ke6 34. c4 Rd8 35. c5 Red7 36. Rg5 Nxg5+ 37. Ke3 Rd3+ 38. Ke2 Rd2+ 39. Ke3
R8d3# {CogneauMaude est échec et mat} 0-1

[Event "Tournament 14471 - Europe Echecs"]
[Site "Europe Echecs"]
[Date "2020.07.09"]
[Round "8"]
[Time "17:51:49"]
[PlyCount "90"]
[White "GuichardAxel"]
[Black "BourginePaul"]
[WhiteElo "1148"]
[BlackElo "999"]
[Mode "WEB"]
[Result "1-0"]

1. e4 e5 2. Nf3 Nc6 3. Bc4 Bc5 4. d3 Nf6 5. Nc3 O-O 6. O-O d6 7. h3 Qe8 8. Bg5
Be6 9. Bxf6 gxf6 10. Bb3 Kh8 11. Nh4 Rg8 12. Nf5 Rg5 13. Qf3 Nd4 14. Qd1 Qg8 15.
Ng3 Nf3+ 16. Qxf3 Rxg3 17. Qxf6+ Qg7 18. Qxg7+ Rxg7 19. Kh1 Rag8 20. g3 Bxh3 21.
Kh2 Bxf1 22. Rxf1 Rg5 23. Kh1 Rh5+ 24. Kg2 c6 25. Bxf7 Rf8 26. Bxh5 d5 27. exd5
cxd5 28. Nxd5 Rf5 29. Bf3 Kg7 30. a3 b5 31. b4 Bd4 32. Nc7 a6 33. Nxa6 h5 34.
Nc7 Rg5 35. Ne6+ Kg6 36. Nxg5 Kxg5 37. Rh1 Bb2 38. Rxh5+ Kf6 39. Bc6 Bxa3 40.
Bxb5 Bxb4 41. Kf3 Bd2 42. Ke4 Be1 43. Rxe5 Bxf2 44. Rf5+ Ke6 45. Rxf2 {BourginePaul a abandonné} 1-0

[Event "Tournament 14471 - Europe Echecs"]
[Site "Europe Echecs"]
[Date "2020.07.09"]
[Round "8"]
[Time "17:51:49"]
[PlyCount "22"]
[White "CourjalCharlot"]
[Black "GiraudDimitri"]
[WhiteElo "1055"]
[BlackElo "1087"]
[Mode "WEB"]
[Result "1-0"]

1. e4 e5 2. Nf3 Nc6 3. Bc4 Nf6 4. Ng5 d5 5. exd5 Nxd5 6. Nxf7 Kxf7 7. Qf3+ Ke6
8. Nc3 Bc5 9. Bxd5+ Ke7 10. Qf7+ Kd6 11. Nb5# {GiraudDimitri est échec et mat} 1-0

[Event "Tournament 14471 - Europe Echecs"]
[Site "Europe Echecs"]
[Date "2020.07.09"]
[Round "8"]
[Time "17:51:49"]
[PlyCount "82"]
[White "RaymondTimothe"]
[Black "KulikovaBernie"]
[WhiteElo "999"]
[BlackElo "800"]
[Mode "WEB"]
[Result "1-0"]

1. e4 e5 2. Nf3 Nc6 3. Nc3 Nf6 4. d4 Bb4 5. a3 Bd6 6. Nb5 Be7 7. d5 d6 8. dxc6
bxc6 9. Nc3 Bg4 10. h3 Be6 11. Ng5 Bd7 12. Bc4 h6 13. Bxf7+ Kf8 14. h4 Be6 15.
Nxe6+ Kxf7 16. Nxd8+ Raxd8 17. b4 c5 18. b5 Rb8 19. a4 a5 20. Nd5 Ng4 21. Nxe7
Kxe7 22. f3 Nf6 23. g4 Kf7 24. c4 c6 25. bxc6 Rbc8 26. Qb3 Rxc6 27. Qb5 Rcc8 28.
Qxa5 Rhd8 29. Qa7+ Kf8 30. Qb7 Ne8 31. a5 g6 32. a6 Ra8 33. a7 Rxa7 34. Qxa7 Kg8
35. g5 hxg5 36. Bxg5 Rc8 37. Qd7 Ra8 38. Qe6+ Kg7 39. Rxa8 Nc7 40. Qc8 Ne6 41.
Qxe6 {KulikovaBernie a abandonné} 1-0

[Event "Tournament 14471 - Europe Echecs"]
[Site "Europe Echecs"]
[Date "2020.07.09"]
[Round "9"]
[Time "18:23:23"]
[PlyCount "88"]
[White "LamazeSimon"]
[Black "SiffertArman"]
[WhiteElo "2185"]
[BlackElo "1887"]
[Mode "WEB"]
[Result "1-0"]

1. d4 Nf6 2. c4 g6 3. g3 Bg7 4. Bg2 c6 5. Nf3 O-O 6. O-O d5 7. cxd5 cxd5 8. Nc3
Nc6 9. Ne5 e6 10. f4 Bd7 11. Be3 Rc8 12. Rc1 Ne7 13. Bf2 Nf5 14. g4 Nd6 15. Bh4
Bc6 16. e3 Qb6 17. b3 Nfe4 18. Nxe4 Nxe4 19. Bxe4 dxe4 20. Be7 Rfe8 21. Ba3 Qa6
22. Nc4 Bb5 23. Bc5 b6 24. Bd6 Bxc4 25. bxc4 Rxc4 26. Be5 Rxc1 27. Qxc1 Qxa2 28.
Bxg7 Kxg7 29. f5 Qb3 30. Qe1 a5 31. Qg3 a4 32. Qf4 a3 33. fxg6 f5 34. gxh7 Kxh7
35. gxf5 Rg8+ 36. Kh1 exf5 37. Qxf5+ Rg6 38. Qh5+ Kg7 39. Qe5+ Kh7 40. Qe7+ Kh6
41. Qf8+ Kh5 42. Qh8+ Kg5 43. Rg1+ Kf5 44. Qe5# {SiffertArman est échec et mat} 1-0